Prince's Foundation (Record no. 119919)

MARC details
000 -LEADER
fixed length control field 00959cam a2200229 4500
001 - CONTROL NUMBER
control field WS114788
008 - FIXED-LENGTH DATA ELEMENTS--GENERAL INFORMATION
fixed length control field 010921n 000 0 eng u
035 ## - SYSTEM CONTROL NUMBER
System control number (Sirsi) u114788
110 ## - MAIN ENTRY--CORPORATE NAME
Corporate name or jurisdiction name as entry element Prince's Foundation
9 (RLIN) 4146
245 ## - TITLE STATEMENT
Title Prince's Foundation
520 ## - SUMMARY, ETC.
Summary, etc. Web site for this foundation established by the Prince of Wales to promote a return of human values to architecture, the building arts, urban design and regeneration. Includes a directory of projects they are involved with, details of the Regeneration though Heritage Initiative and the Urban Villages Forum.
650 ## - SUBJECT ADDED ENTRY--TOPICAL TERM
Topical term or geographic name entry element PRINCE OF WALES
650 ## - SUBJECT ADDED ENTRY--TOPICAL TERM
Topical term or geographic name entry element URBAN DESIGN
650 ## - SUBJECT ADDED ENTRY--TOPICAL TERM
Topical term or geographic name entry element ARCHITECTURE
650 ## - SUBJECT ADDED ENTRY--TOPICAL TERM
Topical term or geographic name entry element CONSERVATION
650 ## - SUBJECT ADDED ENTRY--TOPICAL TERM
Topical term or geographic name entry element REGENERATION THROUGH HERITAGE
650 ## - SUBJECT ADDED ENTRY--TOPICAL TERM
Topical term or geographic name entry element URBAN VILLAGES FORUM
650 ## - SUBJECT ADDED ENTRY--TOPICAL TERM
Topical term or geographic name entry element URBAN VILLAGES
690 ## - LOCAL SUBJECT ADDED ENTRY--TOPICAL TERM (OCLC, RLIN)
Topical term or geographic name as entry element REGENERATION
856 40 - ELECTRONIC LOCATION AND ACCESS
Uniform Resource Identifier <a href="https://www.princes-foundation.org">https://www.princes-foundation.org</a>
Public note View the website free of charge at www.princes-foundation.org...
942 ## - ADDED ENTRY ELEMENTS (KOHA)
Suppress in OPAC 0
Holdings
Withdrawn status Lost status Source of classification or shelving scheme Damaged status Not for loan Home library Current library Shelving location Date acquired Total Checkouts Full call number Barcode Date last seen Copy number Price effective from Koha item type
    Dewey Decimal Classification     Virtual Virtual Online 21/09/2001   WEB SITE 114788-2001 06/08/2019 1 06/08/2019 Online material